| 000 | 00729nam a22001935i 4500 | ||
|---|---|---|---|
| 001 | 168909 | ||
| 003 | ES-MaACL | ||
| 005 | 20230906213926.0 | ||
| 008 | 080624s1866 fr |||| | fre d | ||
| 080 | _a782.089.6 | ||
| 100 | 1 |
_aThomas, Ambroise. _9138039 |
|
| 245 | 1 | 0 |
_aMignon [ _hmúsica impresa] _b: opéra en trois actes, cinq tableaux / _cparoles de Michel Carré & Jules Barbier ; musique de Ambroise Thomas. |
| 260 |
_aParis : _bHeugel et Cie., _c[1866] |
||
| 300 |
_a1 partitura vocal ( 283 p.) ; _c28 cm. |
||
| 650 | 1 | 4 |
_aÓperas- _xPartituras vocales. _9137997 |
| 700 | 1 |
_aCarré, Michel. _9138040 |
|
| 700 | 0 |
_aBarbier, Jules. _925457 |
|
| 852 | 4 |
_aES-MaACL _jL-29305 _9R.143654 _zBiblioteca Jacinto Martínez Lacalle |
|
| 999 |
_c168909 _d168909 |
||